[Event "Titled Tuesday intern op 2nd Oct"]
[Site "Chess.com INT"]
[Date "2018.10.02"]
[Round "1"]
[White "Firat, Burak"]
[Black "Mabusela, Johannes Manyedi"]
[Result "1-0"]
[WhiteElo "2465"]
[BlackElo "2245"]
[PlyCount "95"]
[EventDate "2018.10.02"]
[EventType "swiss (blitz)"]
[EventRounds "10"]
[EventCountry "USA"]
[SourceTitle "EXT 2021"]
[Source "ChessBase"]
[SourceDate "2020.10.23"]
[SourceVersion "1"]
[SourceVersionDate "2020.10.23"]
[SourceQuality "1"]

1. d4 Nf6 2. c4 e6 3. g3 d5 4. Bg2 Be7 5. Nf3 dxc4 6. Qa4+ Bd7 7. Qxc4 Bc6 8. 0-0 Qd5 9. Qc2 Qe4 10. Qd1 Qf5 11. Nc3 0-0 12. Nh4 Qh5 13. e4 Qxd1 14. Rxd1 Rd8 15. Bf4 Na6 16. d5 exd5 17. exd5 Bd7 18. d6 Bxd6 19. Bxd6 cxd6 20. Bxb7 Nc5 21. Bxa8 Rxa8 22. Rxd6 Bh3 23. Rad1 Ne6 24. Nf3 Bg4 25. Kg2 Rb8 26. R1d2 Kf8 27. h3 Bxf3+ 28. Kxf3 Ke7 29. Ra6 Rb7 30. Nd5+ Nxd5 31. Rxd5 Rxb2 32. Rxa7+ Kf6 33. h4 Kg6 34. Ra6 Rc2 35. Rd3 Kf5 36. Ra5+ Kf6 37. a4 g6 38. Kg2 Ra2 39. Ra7 Nc5 40. Rf3+ Ke6 41. Raxf7 Rxa4 42. Rxh7 Ra2 43. Rh6 Rd2 44. Rxg6+ Ke7 45. Rg7+ Ke6 46. h5 Nd3 47. Rxd3 Rxd3 48. g4 1-0

[Event "Titled Tuesday intern op 2nd Oct"]
[Site "Chess.com INT"]
[Date "2018.10.02"]
[Round "8"]
[White "Przybylski, Wojciech"]
[Black "Mabusela, Johannes Manyedi"]
[Result "0-1"]
[WhiteElo "2320"]
[BlackElo "2245"]
[PlyCount "64"]
[EventDate "2018.10.02"]
[EventType "swiss (blitz)"]
[EventRounds "10"]
[EventCountry "USA"]
[SourceTitle "EXT 2021"]
[Source "ChessBase"]
[SourceDate "2020.10.23"]
[SourceVersion "1"]
[SourceVersionDate "2020.10.23"]
[SourceQuality "1"]

1. d4 Nf6 2. c4 e6 3. Nc3 d5 4. Nf3 Be7 5. Bf4 c6 6. e3 Nbd7 7. Bd3 dxc4 8. Bxc4 b5 9. Bb3 Bb7 10. 0-0 a6 11. a4 b4 12. Nb1 c5 13. Nbd2 0-0 14. Rc1 Rc8 15. Nc4 Ne4 16. h3 Ndf6 17. Nfe5 cxd4 18. exd4 Nd5 19. Bh2 Bg5 20. Rc2 Bf4 21. g3 Bh6 22. f4 g6 23. Qd3 f5 24. Re1 Bg7 25. g4 Qh4 26. Rxe4 fxe4 27. Qg3 Qxg3+ 28. Bxg3 Nxf4 29. Rd2 Bd5 30. Nb6 Rc1+ 31. Kh2 Bxb3 32. Nbd7 e3 0-1

[Event "Olympiad-43"]
[Site "Batumi"]
[Date "2018.09.28"]
[Round "5.49"]
[White "Sanches, Casanova Romario"]
[Black "Mabusela, Johannes Manyedi"]
[Result "0-1"]
[WhiteElo "2029"]
[BlackElo "2245"]
[PlyCount "62"]
[EventDate "2018.09.24"]
[EventType "team-swiss"]
[EventRounds "11"]
[EventCountry "GEO"]
[SourceTitle "CBM 187"]
[Source "ChessBase"]
[SourceDate "2018.12.11"]
[SourceVersion "1"]
[SourceVersionDate "2018.12.11"]
[SourceQuality "1"]
[WhiteTeam "Surinam"]
[BlackTeam "South Africa"]
[WhiteTeamCountry "SUR"]
[BlackTeamCountry "RSA"]

1. e4 e6 2. d3 d5 3. Nd2 c5 4. Ngf3 Nc6 5. g3 Bd6 6. Bg2 Nge7 7. 0-0 0-0 8. Re1 Qc7 9. c3 Bd7 10. Qe2 f6 11. Nb3 Rae8 12. d4 cxd4 13. Nfxd4 Nxd4 14. Nxd4 dxe4 15. Bxe4 a6 16. Bg2 e5 17. Nc2 f5 18. Bg5 Bb5 19. Qh5 Bc6 20. Bf1 Ng6 21. Ne3 b5 22. c4 f4 23. gxf4 exf4 24. Nd5 Qf7 25. Rxe8 Rxe8 26. Bd3 bxc4 27. Bxc4 Bxd5 28. Bxa6 Qf5 29. Rd1 h6 30. Rxd5 Qxd5 31. Qxg6 Qxg5+ 0-1